Ładuje się......

Limnology and oceanography, Vol.30(4-6)1985

Opis bibliograficzny
Format: Printed Book
LEADER 00401nam a2200193 4500
020
082
100
245 |a Limnology and oceanography, Vol.30(4-6)1985 
250
260
300
490
500
590 |a Priya  |b 2011-04-26 16:25:59 
650
942 |c BK 
999 |c 100971  |d 100971 
952 |0 0  |1 0  |4 0  |7 0  |9 114439  |a AQU  |b AQU  |l 0  |p AQUK00089  |r 2019-09-25  |w 2019-09-25  |y BK